000 00430nam a22001457a 4500
082 _aP-269
100 _aBSM Abdul Baseer
_947937
245 _aModulus of elasticity of concrete using Margalla crush and comparison with ACI equation
_cBSM Abdul Baseer, CQMS Khurram Ghafoor
260 _aMCE
_c21.04.2004
300 _a64 p.
526 _a0
_b0
_c0
_dP_269
650 _aProject
700 _aLec Sardar
_947938
942 _2ddc
_cBK
999 _c551015
_d551015